| 000 | 00716nam a2200217 i 4500 | ||
|---|---|---|---|
| 001 | 187229 | ||
| 003 | ES-MaACL | ||
| 005 | 20250803083335.0 | ||
| 008 | 170516q1970 sp |||| | spa d | ||
| 080 | _a343.4 | ||
| 100 | 1 |
_aMarsá Vancells, Plutarco. _977100 |
|
| 245 | 1 | 0 |
_aRacismo y derecho civil / _cPlutarco Marsá Vancells. |
| 260 |
_a[Madrid] : _bReus, _c[1970] ( _fGráf. Hergon) |
||
| 300 |
_a89 p. ; _c25 cm. |
||
| 504 | _aReferencias bibliográficas. | ||
| 595 | _aSeparata de: Revista general de legislación y jurisprudencia, enero de 1970. | ||
| 650 |
_aDiscriminación racial- _xDerecho. _9162692 |
||
| 650 | 0 | 7 |
_aRacismo _2embne _916646 |
| 852 |
_aES-MaACL _jL-31574 |
||
| 999 |
_c187229 _d187229 |
||